| 000 | 00000nam 2200000zi 4500 |
| 001 | 9.922193 |
| 003 | CaOODSP |
| 005 | 20230818074319 |
| 006 | m o d f |
| 007 | cr |n||||||||| |
| 008 | 230503t20002000onca o f000 0 fre d |
| 020 | |z0662843967 |
| 040 | |aCaOODSP|bfre|erda|cCaOODSP |
| 043 | |an-cnm |
| 086 | 1 |aC2-480/2000F-PDF|zC2-480/2000F |
| 245 | 03|aLe cybercommerce au Canada atlantique : |bl'économie du savoir en évolution. |
| 264 | 1|a[Ottawa] : |bGouvernement du Canada = Government of Canada, |c[2000] |
| 264 | 4|c©2000 |
| 300 | |a1 ressource en ligne (26 pages) : |billustrations |
| 336 | |atexte|btxt|2rdacontent/fre |
| 337 | |ainformatique|bc|2rdamedia/fre |
| 338 | |aressource en ligne|bcr|2rdacarrier/fre |
| 500 | |aÉdition numérisée de l'imprimé [par Innovation, Sciences et Développement économique Canada]. |
| 500 | |aPublié aussi en anglais sous le titre : E-business in Atlantic Canada : the knowledge economy in action. |
| 500 | |aPublié par: Industrie Canada. |
| 500 | |a« 53011 F. » |
| 650 | 6|aCommerce électronique|zProvinces de l'Atlantique. |
| 650 | 6|aTechnologie de l'information|zProvinces de l'Atlantique. |
| 650 | 6|aInternet|zProvinces de l'Atlantique. |
| 710 | 1 |aCanada. |bIndustrie Canada, |eorganisme de publication. |
| 775 | 08|tE-business in Atlantic Canada : |w(CaOODSP)9.922187 |
| 856 | 40|qPDF|s4.76 Mo|uhttps://publications.gc.ca/collections/collection_2023/isde-ised/c2/C2-480-2000-fra.pdf |